000 00613nam a2200193Ia 4500
003 GCL
008 140319s9999 xx 000 0 ara d
040 _aGCL /
_cGCL
082 0 4 _a415.1
_bب ا
100 1 _aالبلوى، ابو الحجاج
245 1 0 _aكتاب الف باء( 2 جزء ) /
_cالبلوى، ابو الحجاج
260 _a[S.N] :
_bعالم الكتب الحديث ،
_c1967
300 _aمتعدد
490 _a
650 0 4 _aاللغة العربية
650 0 4 _aاللغة العربية - النحو
650 0 4 _aاللغة العربية - الصرف
942 _2ddc
_cBK
999 _c31649
_d31649